000 00355nam a2200157Ia 4500
008 230917s9999||||xx |||||||||||||| ||und||
020 _cPON5.5
040 _e22565
_aMAIN
041 _aEnglish
082 _a301.157 W583S
100 _aWrite, Graham
245 0 _aSocialization
260 _aLondon
_bLongman
_c1977
300 _a147 p.
942 _cBK
999 _c224485
_d224485